000
00309nam a22001337a 4500
020
_a
817826359-9
082
_a
823
_b
SHA/C
100
_a
WILLIAM SHAKESPEAR
245
_a
THE COMEDY OF ERRORS
260
_a
DELHI
_b
ROHAN BOOK COMPANY
_c
2003
300
_a
224
650
_a
MODERN ILLUSTRATED CLASSICS
942
_c
BK
999
_c
297
_d
297